|
|
|
|
| LEADER |
00000cam a2200000 a 4500 |
| 001 |
vtls001416695 |
| 003 |
SK-MaSNL |
| 005 |
20260331204256.0 |
| 008 |
250312s1969 xo e 000 0 slo |
| 015 |
|
|
|a SNBA1969
|
| 035 |
|
|
|a SNK000371456
|
| 035 |
|
|
|a urn:nbn:sk:snk-am3hcvz
|
| 035 |
|
|
|a E14488E2-3905-46F0-9B35-38CCCEA95204
|
| 035 |
|
|
|a urn:nbn:sk:snk-am00a17n
|
| 040 |
|
|
|a SNK
|b slo
|c SNK
|e AACR2
|
| 041 |
|
|
|a slo
|
| 044 |
|
|
|a xo
|c SK
|
| 080 |
|
|
|a 016:62
|2 1981
|
| 100 |
1 |
|
|a Sabo, Štefan
|4 com
|9 46646
|
| 245 |
1 |
0 |
|a Zoznam rešerší štátnych vedeckých knižníc na Slovensku
|b technika
|c zost. Štefan Sabo
|
| 260 |
|
|
|a Bratislava
|b Slovenská technická knižnica
|c 1969
|
| 300 |
|
|
|a 30 [2] s.
|c 4°
|
| 366 |
|
|
|e 1000 výt.
|
| 490 |
1 |
|
|a Periodické zoznamy. D - Rešerše
|
| 500 |
|
|
|a Cyklostyl
|
| 650 |
0 |
7 |
|a rešerše
|2 SNKPH
|9 1536
|
| 650 |
0 |
7 |
|a technika
|2 SNKPH
|9 671
|
| 655 |
|
7 |
|a zoznamy
|2 SNKPH
|9 29645
|
| 830 |
|
0 |
|a Periodické zoznamy. D - Rešerše
|9 687784
|
| 852 |
|
|
|a Slovenská národná knižnica
|
| 958 |
|
|
|a OND
|
| 999 |
|
|
|c 1069661
|d 1071591
|
| 952 |
|
|
|t P60, <03>, [BOOK], {603}
|a SNK
|b SNK
|y PREZ
|7 0
|p 17A0306338
|o snkSB 15864
|i snkKSP 3445/70
|0 0
|1 0
|4 0
|d 2001-07-11
|f 1
|l 0
|r 2005-01-02 00:00:00
|w 2026-02-24
|
| 952 |
|
|
|t P60, <04>, [BOOK], {604}
|a SNK
|b SNK
|y VYP
|7 0
|p 17A0306400
|o snkSB 15864 D1
|i snkK 3335/76
|8 3
|0 0
|1 0
|4 0
|d 2001-07-11
|l 0
|r 2005-01-02 00:00:00
|w 2026-02-24
|